000 00342nam a2200145Ia 4500
008 230718s9999 xx 000 0 und d
041 _aEng.
082 _a347.08
_bACH-I
100 _aAcharya , N. K.
245 0 _aIntellectual Property Rights
260 _aPakistan
_bAsia Law house
_c2010
300 _a364
650 _aLaw
999 _c29699
_d29699